Drugs in perspective causes, assessment, family, prevention, intervention, and treatment

Guardat en:
Dades bibliogràfiques
Autor principal: FIELDS, Richard
Format: Llibre
Idioma:anglès
Publicat: McGraw Hill 2021
Etiquetes: Afegir etiqueta
Sense etiquetes, Sigues el primer a etiquetar aquest registre!

MARC

LEADER 00000nam a22000007a 4500
008 230822b |||||||| |||| 00| 0 eng d
020 |a 9781280575507 
100 |a FIELDS, Richard 
245 |a Drugs in perspective  |b causes, assessment, family, prevention, intervention, and treatment   |c / Richard Fields  |g xv,306p;ill 
250 |b 10th 
260 |b McGraw Hill   |c 2021  |h New York  |i 700529  |i 70030  |l RC561.F45  |m Substance-Related Disorders  |m Family Relations 
500 |a Includes bibliographical references and index 
942 |a lcc  |c BK  |e Johnson  |f 22/08/23 
952 |0 0  |1 0  |2 lcc  |4 0  |6 RC0564 F45  |7 0  |9 4412  |a HE  |b HOL  |c QZ  |d 2023-08-22  |l 0  |o RC564.F45  |p 2023-0337  |r 2023-08-22 00:00:00  |t 700529  |w 2023-08-22  |y BK 
952 |0 0  |1 0  |2 lcc  |4 0  |6 RC0564 F45  |7 0  |9 4413  |a HOL  |b HOL  |c QZ  |d 2023-08-22  |l 0  |o RC564.F45  |p 2023-0338  |r 2023-08-22 00:00:00  |t 700530  |w 2023-08-22  |y BK 
999 |c 2214  |d 2214